000 00572nam a22001697a 4500
003 NUST
038 _aNusrat Nadeem
082 _a200
100 _aFarooq, Kaleem
_9125071
245 _aEconomic, Environmental and Socio-cultural impact of Tourism in Gilgit-Baltistan: Evidence from primary survey/
_cKaleem Farooq,
264 _aIslamabad;
_bS3H NUST;
_c2024.
300 _a61,p;
_bill;
_c30,cm.
650 _aMS- Economics
_9123068
700 _aSupervisor: Dr. Wajiha Haq
_9114415
856 _uhttp://10.250.8.41:8080/xmlui/handle/123456789/45220
942 _2ddc
_cSC
999 _c610830
_d610830